Vplyv konceptu spoločenskej zodpovednosti podniku na nákupné správanie zákazníkov

Vnímanie spoločenskej zodpovednosti z pohľadu zákazníkov. Nielen podniky sa musia správať zodpovedne voči spoločnosti, ale aj zákazníci by mali prejavovať záujem o informácie z oblasti spoločenskej zodpovednosti firiem.

Gespeichert in:
Bibliographische Detailangaben
1. Verfasser: Moravčíková, Katarína
Format: Buchkapitel
Sprache:Slowakisch
Schlagworte:
Tags: Tag hinzufügen
Keine Tags, Fügen Sie das erste Tag hinzu!

MARC

LEADER 00000nla a2200000 4500
001 0198043
005 20240417075053.7
041 0 |a slo 
044 |a SK 
245 1 0 |a Vplyv konceptu spoločenskej zodpovednosti podniku na nákupné správanie zákazníkov  |c Katarína Moravčíková 
520 |a Vnímanie spoločenskej zodpovednosti z pohľadu zákazníkov. Nielen podniky sa musia správať zodpovedne voči spoločnosti, ale aj zákazníci by mali prejavovať záujem o informácie z oblasti spoločenskej zodpovednosti firiem. 
610 2 0 |a zodpovednosť spoločenská 
610 2 0 |a správanie spotrebiteľa 
610 2 0 |a informácie 
610 2 0 |a podnikanie zodpovedné 
100 1 |a Moravčíková, Katarína